I spy a school bus / (Record no. 6240)

MARC details
000 -LEADER
fixed length control field 01145cam a22003614a 4500
001 - CONTROL NUMBER
control field 6240
003 - CONTROL NUMBER IDENTIFIER
control field FISKH
005 - DATE AND TIME OF LATEST TRANSACTION
control field 20250404084455.0
008 - FIXED-LENGTH DATA ELEMENTS--GENERAL INFORMATION
fixed length control field 030312s2003 nyua b 000 0 eng
010 ## - LIBRARY OF CONGRESS CONTROL NUMBER
LC control number 2003005254
020 ## - INTERNATIONAL STANDARD BOOK NUMBER
International Standard Book Number 0439524733
020 ## - INTERNATIONAL STANDARD BOOK NUMBER
International Standard Book Number 9780439524735
040 ## - CATALOGING SOURCE
Original cataloging agency DLC
Transcribing agency DLC
Modifying agency DLC
Language of cataloging eng
050 ## - LIBRARY OF CONGRESS CALL NUMBER
Classification number GV1507.P47 M353
082 ## - DEWEY DECIMAL CLASSIFICATION NUMBER
Classification number 793.73
100 1# - MAIN ENTRY--PERSONAL NAME
Personal name Marzollo, Jean.
245 10 - TITLE STATEMENT
Title I spy a school bus /
Statement of responsibility, etc. riddles by Jean Marzollo ; photographs by Walter Wick.
250 ## - EDITION STATEMENT
Edition statement This edition first printing, July 2008.
260 ## - PUBLICATION, DISTRIBUTION, ETC.
Place of publication, distribution, etc. New York :
Name of publisher, distributor, etc. Scholastic,
Date of publication, distribution, etc. 2003.
300 ## - PHYSICAL DESCRIPTION
Extent 32 pages :
Other physical details color illustrations ;
Dimensions 23 cm
440 #0 - SERIES STATEMENT/ADDED ENTRY--TITLE
Title Scholastic reader.
Number of part/section of a work Level 1
500 ## - GENERAL NOTE
General note "Cartwheel Books."
505 ## - FORMATTED CONTENTS NOTE
Formatted contents note F<br/>
520 ## - SUMMARY, ETC.
Summary, etc. Simple text challenges the reader to find objects hidden in the photographs.
521 8# - TARGET AUDIENCE NOTE
Target audience note 300<br/>
Source Lexile estimate <br/>
521 8# - TARGET AUDIENCE NOTE
Target audience note F<br/>
Source Raz-Plus<br/>
650 #0 - SUBJECT ADDED ENTRY--TOPICAL TERM
Topical term or geographic name entry element Picture puzzles
Form subdivision Juvenile literature.
650 #1 - SUBJECT ADDED ENTRY--TOPICAL TERM
Topical term or geographic name entry element Picture puzzles.
700 1# - ADDED ENTRY--PERSONAL NAME
Personal name Wick, Walter,
Dates associated with a name 1953-
Relator term illustrator
906 ## - LOCAL DATA ELEMENT F, LDF (RLIN)
a 7
b cbc
c orignew
d 1
e ecip
f 20
g y-gencatlg
942 ## - ADDED ENTRY ELEMENTS (KOHA)
Source of classification or shelving scheme Dewey Decimal Classification
Koha item type Books
Suppress in OPAC No
Holdings
Withdrawn status Lost status Source of classification or shelving scheme Damaged status Not for loan Collection Home library Current library Shelving location Date acquired Total Checkouts Full call number Barcode Date last seen Date last checked out Copy number Price effective from Koha item type
    Dewey Decimal Classification     Juvenile Fiction Footprints International School Library Network Toul Kork Campus Footprints International School Library Network Toul Kork Campus TK Primary Library Room(4th Floor), Bookcase 7, Shelves 57-60, Dark Green Books 04/04/2025 1 MAR 793.73 GV1507.P47 M353 2025-0960 11/12/2025 08/27/2025 1 04/04/2025 Books
    Dewey Decimal Classification     Juvenile Fiction Footprints International School Library Network Toul Kork Campus Footprints International School Library Network Toul Kork Campus TK Primary Library Room(4th Floor), Bookcase 7, Shelves 57-60, Dark Green Books 04/22/2025   MAR 793.73 GV1507.P47 M353 FISTK00750 04/22/2025   2 04/22/2025 Books